000 00205 a2200109 4500
020 _a9788498068566
041 _aspa
100 _aAnonimo
245 _aJuan y las Habichuelas
942 _cBK
952 _71
999 _c23975
_d23975